Statistics for Ligue 1 Champions

Click here to take the quiz!

General Stats

  • This quiz has been taken 13,773 times
    (12,134 since last reset)
  • The average score is 10 of 19

Answer Stats

WinsLastTeam% Correct
92020Paris Saint-Germain FC
98%
72008Olympique Lyonnais
95%
92010Olympique Marseille
94%
82017AS Monaco
85%
11933Olympique Lillois
73%
32011Lille OSC
73%
62009FC Girondins de Bordeaux
73%
41959OGC Nice
67%
101981AS Saint-Étienne
61%
82001FC Nantes
59%
12012Montpellier HSC
58%
11979RC Strasbourg Alsace
43%
61962Stade de Reims
34%
11998RC Lens
31%
11996AJ Auxerre
29%
21938FC Sochaux-Montbéliard
17%
11936RCF Paris
10%
21939FC Sète 34
7%
11947CO Roubaix-Tourcoing
7%

Score Distribution

Percentile by Number Answered

Percent of People with Each Score

Your Score History

You have not taken this quiz since the last reset